Hydrology : (Record no. 67872)
[ view plain ]
| 000 -LEADER | |
|---|---|
| fixed length control field | 00790nam a22002657a 4500 |
| 001 - CONTROL NUMBER | |
| control field | 67872 |
| 003 - CONTROL NUMBER IDENTIFIER | |
| rucl marc code | BD-RjUL |
| 005 - DATE AND TIME OF LATEST TRANSACTION | |
| control field | 20211209081713.0 |
| 008 - FIXED-LENGTH DATA ELEMENTS--GENERAL INFORMATION | |
| fixed length control field | 170329s1997 nyua|||| |||| 001 0 eng d |
| 020 ## - INTERNATIONAL STANDARD BOOK NUMBER | |
| International Standard Book Number | 0471072591 |
| 035 ## - SYSTEM CONTROL NUMBER | |
| System control number | (BD-RjUL)68081 |
| 040 ## - CATALOGING SOURCE | |
| Original cataloging agency | BD-RjUL |
| Language of cataloging | eng |
| Transcribing agency | BD-RjUL |
| Modifying agency | BD-RjUL |
| 041 ## - LANGUAGE CODE | |
| Language code of text/sound track or separate title | eng |
| 082 ## - DEWEY DECIMAL CLASSIFICATION NUMBER | |
| Edition number | 23 |
| Classification number | 551.48 |
| Author mark and year | VAH 1997 |
| 100 ## - MAIN ENTRY--PERSONAL NAME | |
| Personal name | Wanielista, Martin P |
| 9 (RLIN) | 201208 |
| 245 ## - TITLE STATEMENT | |
| Title | Hydrology : |
| Remainder of title | water quantity and quality control / |
| Statement of responsibility, etc. | Martin P Wanielista, Robert Kersten and Ron Ealgin. |
| 250 ## - EDITION STATEMENT | |
| Edition statement | 2nd.ed. |
| 260 ## - PUBLICATION, DISTRIBUTION, ETC. (IMPRINT) | |
| Place of publication, distribution, etc. | New York : |
| Name of publisher, distributor, etc. | John Wiley & Sons, |
| Date of publication, distribution, etc. | 1997. |
| 300 ## - PHYSICAL DESCRIPTION | |
| Pagination | xx, 567 p. : |
| Illustrations | ill. ; |
| Size | 27 cm |
| 500 ## - GENERAL NOTE | |
| General note | Includes index |
| 650 ## - SUBJECT ADDED ENTRY--TOPICAL TERM | |
| Topical term or geographic name as entry element | Hidrology |
| 9 (RLIN) | 201209 |
| 700 ## - ADDED ENTRY--PERSONAL NAME | |
| Personal name | Kersten, Robert |
| Personal name | Ealgin, Ron |
| 942 ## - ADDED ENTRY ELEMENTS (KOHA) | |
| Source of classification or shelving scheme | Dewey Decimal Classification |
| Koha item type | Books |
| Lost status | Source of classification or shelving scheme | Damaged status | Not for loan | Collection code | Permanent Location | Current Location | Shelving location | Date acquired | Source of acquisition | Cost, normal purchase price | Total Checkouts | Full call number | Date last seen | Copy number | Koha item type |
|---|---|---|---|---|---|---|---|---|---|---|---|---|---|---|---|
| Dewey Decimal Classification | Not For Loan | Non-fiction | Central Library, University of Rajshahi | Central Library, University of Rajshahi | Reading Room | 20/12/1999 | Dhaka, Paragon Enterprise Ltd. | 926.43 | 551.48 WAH 1997 | 29/03/2017 | C-1 | Books |